| 000 | 00967nam a22002651 4500 | ||
|---|---|---|---|
| 001 | 21383 | ||
| 003 | CZ PrNK | ||
| 005 | 20260228121754.0 | ||
| 007 | ta | ||
| 008 | 011115s1953 xo acfh 000 | slo | ||
| 020 | _q(Váz.) | ||
| 040 |
_aABA001 _bcze _cABA001 _dABA001 |
||
| 100 | 1 |
_aTajovský, Jozef Gregor, _d1874-1940 _4aut |
|
| 245 | 1 | 0 |
_aDielo v šiestich sväzkoch. _n1. sväzok / _cJozef Gregor-Tajovský ; [edičně pripravil a poznámkami doplnil Karol Rosenbaum ; vysvetlivky vypracoval Ján V. Ormis] |
| 250 | _a1. vyd. | ||
| 260 |
_aBratislava : _bSlovenské vydavateľstvo krásnej literatúry, _c1953 |
||
| 300 |
_a377 s., [8] l. obr. příl. : _bil., portréty, faksim. ; _c21 cm |
||
| 490 | 1 | _aNaši klasici | |
| 505 | 0 | 0 |
_tDo konca -- _tBesednice -- _tSmutné nôty |
| 700 | 1 |
_aRosenbaum, Karol, _d1920-2001 _4com |
|
| 700 | 1 |
_aOrmis, Ján Vladimír, _d1903-1993 _4cwt |
|
| 830 | 0 | _aNaši klasici (SVKL) | |
| 910 | _aABA001 | ||
| 942 |
_2ddc _cKLDO _n0 |
||
| 999 |
_c21383 _d21383 |
||